| Поле | Название | Значение |
| |
Тип записи |
a |
| |
Библиографический уровень |
a |
| 001 |
Контрольный номер |
RU/УОНБ/EK_Kray/382553718 |
| 005 |
Дата корректировки |
20240131004835.1 |
| 100 |
Данные общей обработки |
__ |
| a |
Данные общей обработки |
20120214d2012 ||| 0rusy0189 ca |
| 101 |
Язык документа |
0_ |
| a |
Язык текста |
rus |
| 102 |
Страна публикации |
__ |
| a |
Страна публикации |
RU |
| 105 |
Кодированные данные (монография) |
__ |
| a |
Кодированные данные (монография) |
y###||||000|y |
| 200 |
Заглавие и сведения об ответственности |
1_ |
| a |
Заглавие |
Тот человек, который показал... |
| e |
Сведения, относящиеся к заглавию |
стихи |
| f |
Первые сведения об ответственности |
Алиса Вешникова |
| 461 |
Уровень набора |
_0 |
| 1 |
|
001RU/УОНБ/EK/307633147 |
| 1 |
|
200 |
| a |
|
Карамзинский сад |
| e |
|
лит.-худ. журнал |
| v |
|
№ 3 (17) |
| 1 |
|
210 |
| a |
|
Ульяновск |
| d |
|
2010 |
| 463 |
Уровень физической единицы |
_0 |
| 1 |
|
001RU/УОНБ/EK/346505267 |
| 1 |
|
2000 |
| a |
|
№ 3 (17) |
| v |
|
С. 59 |
| 610 |
Ключевые слова |
0_ |
| a |
Ключевые слова |
стихи |
| 686 |
Индексы других классификаций |
__ |
| a |
Классификационный индекс |
84-5 |
| 2 |
Код системы |
rubbk |
| 700 |
Автор |
_1 |
| a |
Фамилия |
Вешникова |
| b |
Имя (инициалы) |
А. |
| g |
Полное личное имя |
Алиса |
| 4 |
Код отношения |
070 |
| 801 |
Источник записи |
_0 |
| a |
Страна |
RU |
| b |
Организация |
Ульяновская ОНБ |
| c |
Дата составления |
20120214 |
| g |
Правила каталогизации |
RCR |
| 801 |
Источник записи |
_1 |
| a |
Страна |
RU |
| b |
Организация |
Ульяновская ОНБ |
| c |
Дата составления |
20120214 |
| g |
Правила каталогизации |
RCR |
| 856 |
Электронный адрес документа |
__ |
| u |
Универсальный указатель ресурса (URL) |
http://simlib.ru/handle/123456789/995 |
| 900 |
Электронные ресурсы |
__ |
| a |
Имя электронного ресурса |
KSad032010 |
| 901 |
Тип документа |
__ |
| t |
Тип документа |
c |
| w |
Контрольный № источника |
RU/УОНБ/EK/346505267 |
| 909 |
Создатель записи |
__ |
| a |
Создатель записи |
Деричева |
| 938 |
Служебная информация |
__ |
| a |
Имя БД |
kraeved_work |
| b |
Имя библиотеки |
УОНБ |
| c |
Имя АИБС |
МАРК-SQL |
| d |
Номер DOC_ID в БД |
82334 |